| 000 | 00914nam a2200265Ia 4500 | ||
|---|---|---|---|
| 008 | 191130s2010##################000#0#eng## | ||
| 020 | _a9781848853263 | ||
| 022 | _a2010283796 | ||
| 040 |
_aACL _cACL |
||
| 082 | _a351.409045 SEI | ||
| 100 | _aSeidel, Katja | ||
| 245 |
_aThe process of politics in Europe : the rise of European elites and supranational institutions _cKatja Seidel |
||
| 260 |
_aLondon _bTauris Academic Studies _c2010 |
||
| 300 | _axvi, 245 p. : ill. ; 23 cm | ||
| 500 | _aIncludes bibliographical references (p. [217]-239) and index | ||
| 650 | _aElite (Social sciences) - Europe | ||
| 650 | _aEurope - Politics and government | ||
| 650 | _aEuropean Coal and Steel Community | ||
| 650 | _aEuropean Economic Community | ||
| 650 | _aEuropean Union | ||
| 650 | _aPublic administration - Europe | ||
| 990 | _a25d5be13ac10000c7984f11eb30a89e0 | ||
| 991 | _a47738 | ||
| 999 |
_c65753 _d65753 |
||